Derecho penal

Saved in:
Bibliografiske detaljer
Hovedforfatter: Etcheberry Orthusteguy, Alfredo (autor)
Andre forfattere: Soler, Sebastián (prólogo)
Format: Bog
Sprog:spansk
Udgivet: Santiago, Chile: Gabriela Mistral, 1976
Udgivelse:Segunda edición revisada y actualizada
Fag:
Tags: Tilføj Tag
Ingen Tags, Vær først til at tagge denne postø!

MARC

LEADER 00000nam a2200000 a 4500
001 UCY0351
003 CL-VaPUC
005 20240627154250.0
008 940725e19760000CL |||||||||||||||||spa|d
999 |c 229366  |d 229364 
040 |c Pontificia Universidad Católica de Valparaíso 
082 0 4 |a 345.83 ETC 1976  |2 21 
100 1 |a Etcheberry Orthusteguy, Alfredo  |e autor  |9 295026 
245 1 0 |a Derecho penal 
250 |a Segunda edición revisada y actualizada 
260 |a Santiago, Chile:  |b Gabriela Mistral,  |c 1976 
300 |a 4 tomos. 
583 |a last modification  |c 20130320 00:02:03  |k Rodrigo Vera 
650 1 |a Derecho penal chileno  |9 889791 
700 |a Soler, Sebastián  |e prólogo  |9 889790 
942 |c BK  |2 ddc 
945 |d 19940725 00:00:00  |a aalvarez 
952 |0 0  |1 0  |4 0  |6 345_830000000000000_ETC_1976  |7 0  |8 ?  |9 230409  |a BIBDER  |b BIBDER  |d 2019-11-15  |h t.1  |i 2997401  |o 345.83 ETC 1976  |p 2997401  |r 2023-01-25  |w 2019-11-15  |y BK  |k DER 
952 |0 0  |1 0  |4 0  |6 345_830000000000000_ETC_1976  |7 0  |8 ?  |9 230410  |a BIBDER  |b BIBDER  |d 2019-11-15  |h t.2  |i 2997347  |o 345.83 ETC 1976  |p 2997347  |r 2023-01-25  |w 2019-11-15  |y BK  |k DER 
952 |0 0  |1 0  |4 0  |6 345_830000000000000_ETC_1976  |7 0  |8 ?  |9 230411  |a BIBDER  |b BIBDER  |d 2019-11-15  |h t.3  |i 2997371  |l 1  |o 345.83 ETC 1976  |p 2997371  |r 2024-04-05  |s 2024-03-28  |w 2019-11-15  |y BK  |k DER